Государственный Эрмитаж. Западноевропейская скульптура XV - XX веков (Запис номер 210941)
[ съкратено ]
| 000 -Лидер | |
|---|---|
| Контролно поле с фиксирана дължина | 01860nkm a2200373 c 4500 |
| 003 - Код на организацията, давaща контролен номер | |
| Контролно поле | BLK |
| 005 - Дата и час на последна редакция | |
| Контролно поле | 20250218102903.0 |
| 008 - Елементи от данни с фиксирана дължина | |
| fixed length control field | 180412b bul rap|r|||| r0| ||bulo| |
| 010 ## - Наследен системен номер | |
| LC control number | KNG00173812000 |
| 040 ## - Източник на каталожния запис | |
| Идентификатор на билиотеката - собственик на записа | BLK |
| 041 ## - Код за език | |
| Код за езика на текст/звукозапис или на отделно заглавие | Руски |
| Код за езика КДБФ | Руски |
| 080 ## - УДК | |
| Текстов определител УДК | Скулптура. Общи въпроси |
| УДК код - определител по УДК | 730 |
| УДК определител | (4-15) |
| УДК - код + определител | 730(4-15) |
| 080 ## - УДК | |
| Текстов определител УДК | Музеи. Сбирки. Галерии. Постоянни изложби. Музеология Лит. върху спец.(отраслеви) музеи се класиф. в съответните отдели със съотношение, също и в 069.02 |
| УДК код - определител по УДК | 069 |
| УДК определител | |
| УДК - код + определител | 069 |
| 100 1# - Редна дума - Автор | |
| Автор | Зарецкая, Зинаида Владимировна |
| Авторска отговорност | първи автор |
| R(LIN) | 69099 |
| 139 ## - Редно поле | |
| Редна дума | Зарецкая, Зинаида Владимировна и др. |
| Авторски знак | Зар - З 34 |
| 245 10 - Сведения за заглавието | |
| Заглавие | Государственный Эрмитаж. Западноевропейская скульптура XV - XX веков |
| Редно поле (дума) | Зинаида Владимировна Зарецкая; съавт. Нина Константиновна Косарева. |
| 257 ## - Страна на издаване | |
| Страна на създаване/издаване | СССР |
| 260 ## - Област на издателските данни | |
| -- | Москва |
| Име на издателя, разпространителя и проч. | Изобраз. искусство |
| Година на издаване | 1960 |
| 300 ## - Физическа характеристика | |
| Страници | 6 с., 46 л., 8 с. |
| Илюстрации и др. | ил. |
| Размери/Мащаб | 35 см |
| 380 ## - Жанр | |
| Жанр | Изкуство |
| 650 #4 - Допълнително описание по предмет – тема | |
| Основно описание – тема или топоним | Скулптура - музеи, галерии, колекции и изложби |
| 9 (RLIN) | 341600 |
| 651 #0 - Допълнително описание по предмет - топоним | |
| Географско понятие | Западна Европа |
| 9 (RLIN) | 243454 |
| 653 ## - Ключова дума – ненормативна | |
| Ключова дума | скулптура |
| 653 ## - Ключова дума – ненормативна | |
| Ключова дума | Западна Европа |
| 653 ## - Ключова дума – ненормативна | |
| Ключова дума | XV - XX в. |
| 653 ## - Ключова дума – ненормативна | |
| Ключова дума | Ермитаж |
| 700 1# - Други автори (авторска отговорност) | |
| Лично име | Косарева, Нина Константиновна |
| Автороска отговорност (Описва отношението между автора и произведението) | съавт. |
| 9 (RLIN) | 82655 |
| 852 ## - Местоположение | |
| Форматна сигнатура | Цб Гр А ІІ 592 |
| 856 4# - Електронен адрес и достъп | |
| Електронен формат | pdf - файл |
| Път до файла /url/ | |
| 856 4# - Електронен адрес и достъп | |
| Електронен формат | pdf - файл |
| Път до файла /url/ | |
| 942 ## - АРТИКУЛИ | |
| Вид на библиотечния материал | Графични издания |
| Скрит в OPAC | Не |
| 944 ## - СЪЗДАВАНЕ И РЕДАКЦИЯ на ЗАПИСА | |
| Създаване/Редакция | Създаване |
| Дата на регистрацията/редакция | 03.04.2015 |
| Служител, извършил регистрацията/редакцията | 30560 |
| Статус, дата на статуса | Геновева Генчева |
| 944 ## - СЪЗДАВАНЕ И РЕДАКЦИЯ на ЗАПИСА | |
| Създаване/Редакция | Редакция |
| Дата на регистрацията/редакция | 17.04.2015 |
| Служител, извършил регистрацията/редакцията | Камелия_Данева |
| 999 ## - СИСТЕМНИ КОНТРОЛНИ НОМЕРА | |
| Koha biblionumber | 210941 |
| Koha biblioitemnumber | 210941 |
| Код за отписване | Код за изгубен артикул | Източник на класификационната схема | Код за повреда | Коз за рестрикции | Код за отдаване | Артикулен № | Име на библиотеката - собственик | Име на библиотеката, в която се намира в момента | Статус (Текущо местоположение) | Дата на вписване в системата | Местоположение - отдел | Цена в лева | Инвентарен номер | Систематично азбучна сигнатура | Баркод | Номер на екземпляра | Цена в евро | Служебна бележка | Служебен тип на артикула |
|---|---|---|---|---|---|---|---|---|---|---|---|---|---|---|---|---|---|---|---|
| Не е изгубен | Universal Decimal Classification | Не е повреден | без рестрикции | заемане за дома | 362714 | Регионална библиотека "Любен Каравелов" Русе | Регионална библиотека "Любен Каравелов" Русе | Отдел Изкуство - подръчен фонд | 1960-01-01 | Отдел Изкуство - подръчен фонд | 2.00 | 18539/61 | 73/З 34 | 900000003969 | 1 | 1.02 | Дост: Pk Вид: Ф N: стар фонд Дата: 01.01.1960 | Графични издания | |
| Не е изгубен | Universal Decimal Classification | Не е повреден | само за читалня | ползва се в читалня | 362715 | Регионална библиотека "Любен Каравелов" Русе | Регионална библиотека "Любен Каравелов" Русе | Хранилище | 1960-01-01 | Основен фонд - ползва се само за читалня | 2.00 | 7647/61 | Цб ІІ 27365 | 900000039751 | 2 | 1.02 | Дост: Pk Вид: Ф N: стар фонд Дата: 01.01.1960 | Графични издания |